|
|
|
|
| LEADER |
00000nam0a2200000 4500 |
| 001 |
4523 |
| 005 |
20231030175126.0 |
| 010 |
|
|
|a 86044009X
|
| 035 |
|
|
|a (RuTPU)RU\TPU\book\4547
|
| 035 |
|
|
|a BOOK00004567
|
| 090 |
|
|
|a 4523
|
| 100 |
|
|
|a 20011209d1991 m y0rusy50 ca
|
| 101 |
0 |
|
|a rus
|a eng
|
| 102 |
|
|
|a RU
|
| 105 |
|
|
|a y j 000zy
|
| 200 |
1 |
|
|a Деловая переписка с иностранными фирмами
|e Практическое пособие
|
| 210 |
|
|
|a Москва
|c Имидж
|d 1991
|
| 215 |
|
|
|a 432 с.
|
| 610 |
1 |
|
|a английский язык
|
| 610 |
1 |
|
|a делопроизводство
|
| 610 |
1 |
|
|a стилистика
|
| 610 |
1 |
|
|a документация
|
| 610 |
1 |
|
|a деловая корреспонденция
|
| 610 |
1 |
|
|a учебные пособия
|
| 610 |
1 |
|
|a практические пособия
|
| 675 |
|
|
|a 651.9(07)
|v 3
|
| 686 |
|
|
|a Ш143.21-7
|v LBC/SL-A
|2 rubbk
|
| 801 |
|
0 |
|a RU
|b 63413507
|c 20011209
|g PSBO
|
| 801 |
|
2 |
|a RU
|b 63413507
|c 20070219
|g PSBO
|
| 942 |
|
|
|c BK
|